000
00272nam a22001337a 4500
008
181012b xxu||||| |||| 00| 0 eng d
020
_a
06970357754
041
_a
eng
080
_a
573
100
_a
11
101
_a
BIO
245
_a
Botany
_c
Moore, R
942
_2
udc
_c
BK
999
_c
49518
_d
49518